Adolescencia y cultura
Guardat en:
| Autor principal: | |
|---|---|
| Format: | Llibre |
| Idioma: | espanyol |
| Publicat: |
Santiago
Zig-Zag
1946
|
| Col·lecció: | Biblioteca Pedagógica
|
| Matèries: | |
| Etiquetes: |
Afegir etiqueta
Sense etiquetes, Sigues el primer a etiquetar aquest registre!
|
MARC
| LEADER | 00000cam a2200000 a 4500 | ||
|---|---|---|---|
| 001 | UCY6117 | ||
| 003 | CL-VaPUC | ||
| 008 | 950521e19460000CL |||||||||||||||||spa|d | ||
| 082 | 0 | 4 | |a 155.5 |b PIG |2 21 |
| 100 | 0 | |a Piga Dacchena, Arturo |e author |9 335813 | |
| 245 | 1 | 0 | |a Adolescencia y cultura |
| 300 | |a 337 p | ||
| 942 | |c BK | ||
| 945 | |d 19950521 00:00:00 |a mfernand | ||
| 260 | |a Santiago |b Zig-Zag |c 1946 | ||
| 650 | 0 | |a Psicología del adolescente |9 307864 | |
| 650 | 7 | |a INVESTIGACION PSICOLOGICA |2 CL-VaPUC |9 309030 | |
| 650 | 0 | |a Pubertad |9 335756 | |
| 650 | 0 | |a Adolescencia |9 307361 | |
| 650 | 0 | |a Comportamiento sexual |9 334955 | |
| 650 | 0 | |a Vida espiritual |9 307811 | |
| 583 | |a last modification |c 20130326 02:22:00 |k Rodrigo Vera | ||
| 490 | 0 | |a Biblioteca Pedagógica | |
| 999 | |c 233700 |d 233698 | ||
| 952 | |0 0 |1 0 |4 0 |6 155_500000000000000_PIG_1946 |7 0 |8 P |9 239391 |a BIBEDU |b BIBEDU |d 2019-11-18 |i 1508393 |o 155.5 PIG 1946 |p 1508393 |r 2024-01-25 |w 2019-11-18 |y BK |k EDU | ||
| 952 | |0 0 |1 0 |4 0 |6 155_500000000000000_PIG_1946 |7 0 |8 P |9 239392 |a BIBEDU |b BIBEDU |d 2019-11-18 |i 4957210 |o 155.5 PIG 1946 |p 4957210 |r 2024-01-25 |w 2019-11-18 |y BK |k BME | ||